[Event "EU-ch 2nd"]
[Site "Ohrid"]
[Date "2001.06.13"]
[Round "12"]
[White "Kocovski, Ivan"]
[Black "Shneider, Aleksandr"]
[Result "0-1"]
[WhiteElo "2324"]
[BlackElo "2516"]
[Annotator "Hecht,H"]
[PlyCount "80"]
[EventDate "2001.06.01"]
[EventType "swiss"]
[EventRounds "13"]
[EventCountry "YUG"]
[SourceTitle "CBM 084"]
[Source "ChessBase"]
[SourceDate "2001.09.13"]
[SourceVersion "1"]
[SourceVersionDate "2001.09.13"]
[SourceQuality "1"]

1. d4 Nf6 2. c4 e6 3. Nf3 b6 4. a3 Ba6 5. Qb3 Be7 6. Nc3 d5 7. cxd5 Nxd5 8. e4
Bxf1 9. Kxf1 Nxc3 10. bxc3 O-O 11. g3 c5 12. Kg2 Nc6 13. Be3 Na5 14. Qa2 Qd7
15. a4 Qb7 16. Nd2 cxd4 17. cxd4 Rfd8 18. f3 Bf6 19. e5 Be7 20. Rhc1 Nc6 21.
Rc4 Nb4 22. Qb3 Nd5 23. Bf2 Rac8 24. Rac1 Rxc4 25. Qxc4 Bg5 26. Qe2 Bxd2 27.
Qxd2 Rc8 28. Qb2 Rxc1 29. Qxc1 {[#] Thema: Schlechter Läufer gegen guten
Springer mit beweglicher Bauernmehrheit. Witziger Damenfang mit Springergabeln.
} a6 30. g4 b5 31. axb5 axb5 32. Qc2 b4 33. Qb3 Qb5 34. Kg3 h6 35. h4 g6 36. f4
Qc6 37. Be3 Qb5 38. Kf2 Nc3 39. Qc2 Qc4 (39... b3 40. Qxc3 b2 $19) 40. Bc1 (40.
Ke1 b3 41. Qb2 Qe2+ 42. Qxe2 Nxe2 43. Kd2 b2 44. Kc2 Nc3 45. Kxb2 Nd1+ $19)
40... b3 {[%csl Yb2,Yd2][%cal Rc3e4,Rc3d1]} 0-1

[Event "GER-ch 71st"]
[Site "Altenkirchen"]
[Date "1999.11.19"]
[Round "8"]
[White "Bischoff, Klaus"]
[Black "Huebner, Robert"]
[Result "0-1"]
[WhiteElo "2509"]
[BlackElo "2599"]
[Annotator "Hecht,H"]
[PlyCount "80"]
[EventDate "1999.11.12"]
[EventType "swiss"]
[EventRounds "9"]
[EventCountry "GER"]
[SourceTitle "CBM 074"]
[Source "ChessBase"]
[SourceDate "2000.02.01"]
[SourceVersion "1"]
[SourceVersionDate "2000.02.01"]
[SourceQuality "1"]

1. Nf3 Nf6 2. c4 e6 3. d4 b6 4. a3 Bb7 5. Nc3 d5 6. cxd5 Nxd5 7. Bd2 Nd7 8.
Nxd5 exd5 9. g3 Bd6 10. Bg5 Nf6 11. Qa4+ Qd7 12. Qxd7+ Nxd7 13. Bh3 c5 14. Rc1
c4 15. Rc3 Bc6 16. e4 f6 17. Bc1 b5 18. exd5 Bxd5 19. O-O Nb6 20. Nh4 g6 21.
Ng2 Kf7 22. Ne3 Be4 23. b3 Nd5 24. Nxd5 Bxd5 25. bxc4 bxc4 26. Bg2 Bxg2 27.
Kxg2 Rhc8 28. Bf4 Bxf4 29. gxf4 {[#] Wie bei Jussupow spielt auch Hübner das
Doppelturmendspiel mit einem Stein mehr, nämlich dem König, der sogleich ins
Zentrum eilt, um den c-Freibauern wirkungsvoll zu unterstützen.} Ke6 30. d5+ (
30. Re1+ Kd5 31. Re7 Kxd4 {ist jedenfalls nicht besser.}) 30... Kxd5 31. Rd1+
Kc5 32. Rd7 Rab8 33. Rxa7 Kd4 34. Rc1 c3 35. Rd7+ Kc4 36. Rxh7 Kb3 37. Re7 Kb2
38. Ree1 c2 39. f5 g5 40. f4 gxf4 {Nun geht auch 41.Kf3 Tb3+ 42.Kxf4 Tc4+
nicht mehr.} 0-1

[Event "Olympiad-31"]
[Site "Moscow"]
[Date "1994.12.11"]
[Round "10.1"]
[White "Gelfand, Boris"]
[Black "Yudasin, Leonid"]
[Result "1/2-1/2"]
[WhiteElo "2680"]
[BlackElo "2625"]
[Annotator "Hecht,H"]
[PlyCount "153"]
[EventDate "1994.12.01"]
[EventType "team-swiss"]
[EventRounds "14"]
[EventCountry "RUS"]
[SourceTitle "CBM 045"]
[Source "ChessBase"]
[SourceDate "1995.04.01"]
[SourceVersion "1"]
[SourceVersionDate "1995.04.01"]
[SourceQuality "1"]
[WhiteTeam "Belarus"]
[BlackTeam "Israel"]
[WhiteTeamCountry "BLR"]
[BlackTeamCountry "ISR"]

1. d4 Nf6 2. c4 e6 3. Nf3 b6 4. a3 Bb7 5. Nc3 d5 6. cxd5 exd5 7. Bg5 Be7 8.
Qa4+ c6 9. Bxf6 Bxf6 10. g3 O-O 11. Bg2 Re8 12. O-O Na6 13. Rad1 Nc7 14. Rd2
Qe7 15. Rfd1 c5 16. e3 Ne6 17. h4 h6 18. Nh2 cxd4 19. exd4 Qd6 20. Ng4 Nc7 21.
Bf3 Be7 22. Re2 Bf8 23. Rxe8 Nxe8 24. Re1 h5 25. Rxe8 Bc6 {Now starts a game
fulfilled with tactics.} 26. Rxa8 Bxa4 27. Ne5 Bb3 28. Bxh5 g6 29. Bf3 a5 30.
Nb5 Qe6 31. Bg4 f5 32. Bf3 Bc4 33. Nc7 Qd6 34. Ne8 Qe7 35. Kh2 Kh7 36. Rc8 Bg7
37. Nxg7 Qxg7 38. Rd8 Qf6 39. Rd7+ Kg8 40. Rc7 f4 41. Rc8+ Kg7 42. Rc7+ Kg8 43.
Rf7 fxg3+ 44. Kxg3 Qe6 45. Rd7 Qf6 46. Bg4 b5 47. Kg2 Ba2 48. Kg3 b4 49. axb4
axb4 50. Rc7 Qb6 51. Re7 Qd6 52. Re6 Qc7 53. Rxg6+ Kh8 54. Rh6+ Kg7 55. Rg6+
Kh8 56. Bf5 Bb3 57. Rh6+ Kg8 58. Be6+ Kg7 59. Rg6+ Kh8 60. Bf5 Ba4 61. Rh6+ Kg8
62. Rh7 Qc1 63. Rf7 Bc2 64. Bxc2 Qxc2 65. h5 Qd2 66. f4 Qxd4 67. Rd7 (67. h6
Qg1+ 68. Kh4 Qh2+ 69. Kg5 Qg3+ 70. Kf5 Qh3+ $10) 67... Qg1+ 68. Kh4 d4 69. h6
d3 70. Rxd3 Kh7 71. Ng4 Kg6 72. Rd6+ Kf5 73. Rf6+ Ke4 74. Kg5 Kf3 75. h7 Qxg4+
76. Kh6 Qh3+ 77. Kg7 1/2-1/2

[Event "EU-ch 2nd"]
[Site "Ohrid"]
[Date "2001.06.04"]
[Round "4"]
[White "Kizov, Atanas"]
[Black "Ionov, Sergey"]
[Result "0-1"]
[WhiteElo "2368"]
[BlackElo "2505"]
[Annotator "Hecht,H"]
[PlyCount "92"]
[EventDate "2001.06.01"]
[EventType "swiss"]
[EventRounds "13"]
[EventCountry "YUG"]
[SourceTitle "CBM 084"]
[Source "ChessBase"]
[SourceDate "2001.09.13"]
[SourceVersion "1"]
[SourceVersionDate "2001.09.13"]
[SourceQuality "1"]

1. d4 Nf6 2. c4 e6 3. Nf3 b6 4. a3 c5 5. d5 Ba6 6. Qb3 exd5 7. cxd5 d6 8. Nc3
g6 9. Bf4 Bg7 10. Qa4+ b5 11. Nxb5 O-O 12. Nc3 Qb6 13. Bd2 Nbd7 14. e3 Bxf1 15.
Kxf1 Rab8 16. Rb1 Qb7 17. e4 Nb6 18. Qc2 Nc4 19. g3 Qb3 20. Qxb3 Rxb3 21. Kg2
Rfb8 22. Rhc1 Ng4 23. Nd1 Nxb2 24. Nxb2 Bxb2 25. Rc2 Ne5 26. Nxe5 Bxe5 27. Rxb3
Rxb3 28. a4 f5 29. f4 Rb2 30. Rxb2 Bxb2 31. e5 dxe5 32. fxe5 Bxe5 33. Kf3 Kf7
34. Be3 Bd4 35. Bf4 Kf6 36. h4 a6 37. Ke2 Be5 38. Bg5+ Kf7 39. Kf3 c4 40. g4
Bf6 41. gxf5 Bxg5 42. hxg5 gxf5 {[#] Entfernte Freibauern} 43. Ke3 c3 44. Kd3
Kg6 45. Kxc3 Kxg5 46. Kd4 Kf6 (46... Kf6 47. Kc5 Ke7 48. Kc6 Kd8 $19) 0-1

[Event "San Francisco Mechanics"]
[Site "San Francisco"]
[Date "1998.07.11"]
[Round "2"]
[White "Lobo, Richard"]
[Black "Gurevich, Dmitry"]
[Result "0-1"]
[WhiteElo "2310"]
[BlackElo "2540"]
[Annotator "Hecht,H"]
[PlyCount "104"]
[EventDate "1998.07.10"]
[EventType "tourn"]
[EventRounds "9"]
[EventCountry "USA"]
[EventCategory "10"]
[SourceTitle "CBM 066"]
[Source "ChessBase"]
[SourceDate "1998.09.30"]
[SourceVersion "1"]
[SourceVersionDate "1998.09.30"]
[SourceQuality "1"]

1. c4 c5 2. Nf3 Nf6 3. Nc3 b6 4. e3 Bb7 5. d4 cxd4 6. exd4 e6 7. a3 d5 8. cxd5
Nxd5 9. Bb5+ Bc6 10. Bd3 Nd7 11. O-O Be7 12. Re1 O-O 13. Ne4 N5f6 14. Ng3 a6
15. Bg5 Ra7 16. Qe2 Qa8 17. Rac1 h6 18. Bd2 Bxf3 19. Qxf3 Qxf3 20. gxf3 Rd8 21.
Be3 Nd5 22. Re2 b5 23. Rec2 N7b6 24. Bf1 f5 25. Bd2 Bf6 26. Rc6 Kf7 27. Ne2 Nc4
28. Rc2 Ne7 29. Rc5 Nxd2 30. Rxd2 Rad7 31. a4 b4 32. Rc4 a5 33. b3 Ng6 34. f4
Nh4 35. Bg2 g5 36. fxg5 hxg5 37. Rc5 Bxd4 38. Nxd4 Rxd4 39. Rxd4 Rxd4 40. h3
Nxg2 41. Kxg2 {[#] Ein Mehrbauer für Schwarz, der erst seine Bauern
systematisch nach vorn bringt und schließlich durchbricht. Technik + Taktik!}
Rd5 42. Rc8 Kf6 43. Rc4 Ke5 44. Rc8 f4 45. Rc4 Kf5 46. Rc8 e5 47. Rc4 (47. f3
Rd2+ 48. Kg1 Rd3 49. Kf2 Rxb3 50. Rc5 Rb2+ 51. Kg1 Ra2 52. Rxa5 b3 53. Rb5 b2
$19 {[%cal Ra2a1,Rb2b1]}) 47... e4 48. Rc8 Rd2 49. Rc5+ Kg6 50. Kg1 f3 51. Rxa5
(51. Re5 Rd1+ 52. Kh2 Re1 53. h4 gxh4 54. Kh3 e3 55. Rxe3 Rxe3 56. fxe3 Kf5 $19
) 51... Rd1+ 52. Kh2 e3 0-1

[Event "St Petersburg-ch"]
[Site "St Petersburg"]
[Date "1998.04.07"]
[Round "1"]
[White "Khalifman, Alexander"]
[Black "Shaposhnikov, Evgeny"]
[Result "0-1"]
[WhiteElo "2660"]
[BlackElo "2415"]
[Annotator "Hecht,H"]
[PlyCount "120"]
[EventDate "1998.04.07"]
[EventType "tourn"]
[EventRounds "13"]
[EventCountry "RUS"]
[EventCategory "10"]
[SourceTitle "CBM 065"]
[Source "ChessBase"]
[SourceDate "1998.08.06"]
[SourceVersion "1"]
[SourceVersionDate "1998.08.06"]
[SourceQuality "1"]

1. d4 Nf6 2. Nf3 e6 3. c4 b6 4. Nc3 Bb7 5. a3 d5 6. cxd5 exd5 7. g3 Be7 8. Qa4+
c6 9. Bg2 O-O 10. O-O Nbd7 11. Bf4 Re8 12. Rad1 Nh5 13. Bc1 Bd6 14. e4 dxe4 15.
Ng5 Ndf6 16. Ngxe4 Nd5 17. Rfe1 Be7 18. Nxd5 cxd5 19. Nc3 Nf6 20. Bf4 Qc8 21.
Be5 Rd8 22. Rc1 Qf5 23. Bc7 Rd7 24. Bf4 Bd6 25. Bxd6 Rxd6 26. Nb5 Rc6 27. Nc7
Qd7 28. Nb5 Rxc1 29. Rxc1 Bc6 30. Bf1 a6 31. Rxc6 Qxc6 32. Nc3 Qxa4 33. Nxa4 b5
34. Nc5 Kf8 35. f3 Ke7 36. Kf2 Kd6 37. Ke3 Nd7 38. Nd3 Rc8 39. Kd2 Rc4 40. b3
Rc7 41. Nb4 Nb8 42. Bd3 h6 43. Be2 Nc6 44. Nxc6 Rxc6 45. Bd3 Rb6 46. h4 a5 47.
b4 axb4 48. axb4 Kc6 49. h5 Ra6 50. Bc2 Ra3 51. Bd1 Kb6 52. g4 Ra4 53. Kc3 Ra7
54. Bb3 Rc7+ 55. Kb2 Rc4 56. Bxc4 bxc4 {White has the choice to lose by the
encirclement which follows or by diversion. Black's protected passed pawn is
decisively stronger than the White's isolated one. Weiß hat die Wahl infolge
Umgehung oder Ablenkung zu verlieren. Der gedeckte schwarze Freibauer ist
wesentlich stärker als der isolierte weiße.} 57. f4 Kb5 58. Ka3 (58. Kc3 Ka4
$19 {Encirclement. Umgehung}) 58... f6 59. f5 c3 60. Kb3 c2 {[%csl Rb4,Rd4]}
0-1

[Event "Hoogovens"]
[Site "Wijk aan Zee"]
[Date "1997.01.18"]
[Round "1"]
[White "Piket, Jeroen"]
[Black "Salov, Valery"]
[Result "1-0"]
[WhiteElo "2640"]
[BlackElo "2665"]
[Annotator "Hecht,H"]
[PlyCount "81"]
[EventDate "1997.01.18"]
[EventType "tourn"]
[EventRounds "13"]
[EventCountry "NED"]
[EventCategory "16"]
[SourceTitle "CBM 057"]
[Source "ChessBase"]
[SourceDate "1997.04.01"]
[SourceVersion "1"]
[SourceVersionDate "1997.04.01"]
[SourceQuality "1"]

1. d4 Nf6 2. c4 e6 3. Nf3 b6 4. a3 Ba6 5. Qc2 Bb7 6. Nc3 c5 7. e4 cxd4 8. Nxd4
Bc5 9. Nb3 Nc6 10. Bf4 O-O 11. Nxc5 bxc5 12. Bd6 Nd4 13. Qd3 e5 14. Bxc5 Re8
15. Bxd4 exd4 16. Qxd4 Nxe4 17. O-O-O Nxc3 18. Qxc3 Rc8 19. Kb1 a5 20. f3 Bc6
21. Bd3 Qg5 22. h4 Qc5 23. Rhe1 a4 24. Rxe8+ Rxe8 25. Re1 Rxe1+ 26. Qxe1 g6 27.
Qe2 Qd4 28. Be4 Bxe4+ 29. fxe4 Kg7 30. Qc2 Kf6 31. Ka2 h5 32. Qxa4 Qxe4 33. g3
g5 34. Qa6+ Ke7 35. hxg5 Qe5 36. Qf6+ Qxf6 37. gxf6+ Kxf6 {[#] Motive:
Quadratregel; Tempospiel} 38. Kb3 $1 (38. a4 $2 Ke7 39. a5 Kd6 40. Kb3 f5 41.
Kc3 f4 42. gxf4 (42. Kd3 fxg3 43. Ke3 h4 44. Kf3 Kc6 $11) 42... h4 43. a6 Kc7
44. a7 Kb7 45. f5 h3 46. f6 h2 47. f7 h1=Q 48. a8=Q+ Kxa8 49. f8=Q+ Kb7 $14)
38... Ke5 (38... Ke7 39. Kc3 f5 40. Kd3 f4 41. gxf4 h4 42. Ke3 $18) 39. Kc3 f5
40. a4 f4 41. gxf4+ 1-0

[Event "Hoogovens"]
[Site "Wijk aan Zee"]
[Date "1997.02.01"]
[Round "12"]
[White "Sokolov, Ivan"]
[Black "Salov, Valery"]
[Result "0-1"]
[WhiteElo "2615"]
[BlackElo "2665"]
[Annotator "Hecht,H"]
[PlyCount "204"]
[EventDate "1997.01.18"]
[EventType "tourn"]
[EventRounds "13"]
[EventCountry "NED"]
[EventCategory "16"]
[SourceTitle "CBM 057"]
[Source "ChessBase"]
[SourceDate "1997.04.01"]
[SourceVersion "1"]
[SourceVersionDate "1997.04.01"]
[SourceQuality "1"]

1. d4 Nf6 2. c4 e6 3. Nf3 b6 4. Nc3 Bb7 5. Bg5 Be7 6. Qc2 h6 7. Bh4 c5 8. dxc5
bxc5 9. e3 d6 10. Be2 Nbd7 11. Rd1 O-O 12. O-O a6 13. Rd2 Qc7 14. Rfd1 Rfd8 15.
h3 Nf8 16. Nh2 Rd7 17. Bg3 Rad8 18. Bf3 Ng6 19. Bxb7 Qxb7 20. Nf3 d5 21. cxd5
Nxd5 22. Nxd5 Rxd5 23. b3 h5 24. Rxd5 Rxd5 25. Rxd5 exd5 26. Ne5 Nxe5 27. Bxe5
Qd7 28. Qb2 Bf8 29. h4 Qf5 30. g3 Qd3 31. Bc3 f6 32. a3 Kf7 33. b4 c4 34. Qd2
Qxd2 35. Bxd2 {[#] Freibauern auf beiden Seiten, Taktik, Übergang in ein
Dameendspiel ab Zug 50 mit schwarzem Mehrbauern} Ke6 36. Kf1 g5 {drohend gh4
mit Fixierung der Bauernschwäche h4 oder etabliert nach hg5 fg5 einen
entfernten Freibauern mittels h4. Weiß entscheidet sich für einen 3. Weg:
Bauernopfer für einen eigenen entfernten h-Freibauern.} 37. g4 $5 hxg4 38. h5
f5 39. Bc3 f4 40. a4 Bh6 41. Bd4 Bf8 42. Bc3 Kf7 43. Kg2 Bg7 (43... Kg8 44. a5
Bd6 45. b5 axb5 46. a6 Bb8 47. Be5 Ba7 48. Bd4 Bb8 $11) 44. Bxg7 Kxg7 45. b5
axb5 46. axb5 fxe3 47. fxe3 c3 48. b6 c2 49. b7 c1=Q 50. b8=Q Qc2+ 51. Kg3 Qe4
52. Qb2+ Kh7 53. Qf2 Qe6 54. Qf8 Qxe3+ 55. Kxg4 Qg1+ 56. Kh3 Qh1+ 57. Kg3 Qh4+
58. Kg2 Qg4+ 59. Kf2 Qe6 60. Qd8 Qf5+ 61. Kg3 Qe5+ 62. Kh3 d4 63. Qb6 Qe3+ 64.
Kg2 Qe4+ 65. Kf2 d3 66. Qb2 Qf4+ 67. Kg2 Qd6 68. Qb7+ Kh6 69. Qa8 Kxh5 70. Qh8+
Kg6 71. Qg8+ Kf6 72. Qh8+ Kf5 73. Qh7+ Ke5 74. Qh8+ Ke4 75. Qh7+ Ke3 76. Qf5
Qf4 77. Qc5+ Ke2 78. Qb5 Qe4+ 79. Kg1 g4 80. Qa6 g3 81. Qc6 Qe3+ 82. Kg2 d2 83.
Qb5+ Qd3 84. Qh5+ Ke3 85. Qh6+ Kd4 86. Qd6+ Kc3 87. Qa3+ Kc2 88. Qa2+ Kd1 89.
Qa1+ Ke2 90. Qf1+ Ke3 91. Qf3+ Kd4 92. Qf6+ Kc5 93. Qe7+ Kc4 94. Qc7+ Kb3 95.
Qb6+ Kc2 96. Qc5+ Qc3 97. Qf5+ Kb2 98. Qb5+ Kc1 99. Qg5 Qc4 100. Qh6 Qd5+ 101.
Kxg3 Kc2 102. Qa6 Qd3+ 0-1

[Event "WDR Match TV g/60"]
[Site "Cologne"]
[Date "1995.??.??"]
[Round "?"]
[White "Piket, Jeroen"]
[Black "Anand, Viswanathan"]
[Result "0-1"]
[WhiteElo "2625"]
[BlackElo "2725"]
[Annotator "Hecht,H"]
[PlyCount "86"]
[EventDate "1995.08.??"]
[EventType "game"]
[EventRounds "1"]
[EventCountry "GER"]
[SourceTitle "CBM 048"]
[Source "ChessBase"]
[SourceDate "1995.10.01"]
[SourceVersion "1"]
[SourceVersionDate "1995.10.01"]
[SourceQuality "1"]

1. d4 Nf6 2. c4 e6 3. Nf3 b6 4. Nc3 Bb4 5. Bg5 Bb7 6. e3 h6 7. Bh4 c5 8. dxc5
Bxc5 9. Bd3 Be7 10. O-O O-O 11. Rc1 Na6 12. Bb1 {Restzeit: 0.51-0.46} Nc5 13.
Nd4 (13. Nd2 $5) (13. Bg3 $5) (13. Ne5 $6) 13... Nfe4 14. Bxe7 Qxe7 {Restzeit:
040-040} 15. Nxe4 Bxe4 16. Bxe4 Nxe4 17. Qc2 Nf6 18. Rfd1 Rfc8 19. Qa4 a6 20.
Qb3 Qc5 {Restzeit: 0.24-0.36} 21. h3 b5 22. cxb5 Qxc1 23. Rxc1 Rxc1+ {D+S -
TT+S Freibauer vs. Königsangriff} 24. Kh2 {Restzeit: 0.21-0.25} axb5 25. f3 (
25. Nxb5 Ne4 26. f3 Nd2 $132) 25... b4 26. e4 (26. Nc2 $5) 26... Ra1 {0.16-021}
27. Qxb4 R1xa2 {0.13-0.20} 28. h4 R2a4 29. Qc3 {0.10-015} Rb8 30. b3 Ra2 31. b4
{0.09-0.12} Rba8 32. b5 (32. Nc2 $5) 32... Rf2 $19 33. Nc2 {nur noch Sekunden
für Piket...} (33. b6 Raa2 34. b7 Rxg2+ 35. Kh1 (35. Kh3 Rh2+ 36. Kg3 Nh5+ 37.
Kg4 Rag2+ 38. Kxh5 g6+ 39. Kxh6 Rxh4#) 35... Rgb2 $19) 33... Ra2 34. Ne1 (34.
Ne3 Rxf3 35. Kg1 Rxe3 36. Qxe3 Ra1+ $19) 34... Rfb2 35. Qc4 d5 36. Qc8+ Kh7 37.
e5 Nh5 38. Qc1 Rxb5 39. Kh3 Rbb2 40. Qe3 Re2 41. Qb3 Nf4+ 42. Kg4 Ng6 43. f4
Rxg2+ {Matt oder D-Verlust} 0-1

[Event "Olympiad-34"]
[Site "Istanbul"]
[Date "2000.11.12"]
[Round "14.4"]
[White "Mitkov, Marjan"]
[Black "Anastasian, Ashot"]
[Result "1-0"]
[WhiteElo "2402"]
[BlackElo "2571"]
[Annotator "Hecht,H"]
[PlyCount "113"]
[EventDate "2000.10.28"]
[EventType "team-swiss"]
[EventRounds "14"]
[EventCountry "TUR"]
[SourceTitle "EXT 2001"]
[Source "ChessBase"]
[SourceDate "2000.11.22"]
[SourceVersion "1"]
[SourceVersionDate "2000.11.22"]
[SourceQuality "1"]
[WhiteTeam "Macedonia"]
[BlackTeam "Armenia"]
[WhiteTeamCountry "MKD"]
[BlackTeamCountry "ARM"]

1. d4 Nf6 2. c4 e6 3. Nf3 b6 4. a3 Bb7 5. Nc3 d5 6. cxd5 exd5 7. Bg5 Be7 8.
Qa4+ c6 9. Bxf6 Bxf6 10. e3 O-O 11. Rd1 Nd7 12. Bd3 a6 13. O-O c5 14. Bf5 cxd4
15. Nxd4 Nc5 16. Qc2 g6 17. Bg4 Qe7 18. Rd2 h5 19. Bf3 Rfd8 20. Rfd1 Ne4 21.
Bxe4 dxe4 22. Qb3 b5 23. Nde2 Be5 24. Nd5 Bxd5 25. Rxd5 Rac8 26. Nd4 Rd6 27. g3
h4 28. Rxd6 Bxd6 29. Qd5 h3 30. Ne2 Rc2 31. Rd2 Rxd2 32. Qxd2 Be5 33. Nf4 Bxf4
34. exf4 {[#] Die schwarzen Gewinnversuche begegnet Weiß mit der Aktivierung
seines Königs. Als sich Schwarz eine zweite Dame holen will, kontert Weiß mit
einem unparierbarem Mattangriff....! Eine Medaille für den schweren Patzer im
53. Zug.} Qc5 35. Kf1 Qc4+ 36. Ke1 a5 37. Qxa5 Qc1+ 38. Ke2 Qxb2+ 39. Ke3 Qb1
40. Qa8+ Kh7 41. Qxe4 Qc1+ 42. Ke2 Qb2+ 43. Ke1 Qxa3 44. f5 g5 45. Qd5 Qe7+ 46.
Kd2 b4 47. Kd3 Qa7 48. Ke4 Qc7 49. Kf3 Qc3+ 50. Kg4 Kg7 51. Kxg5 b3 52. Qd6 {
[#]} b2 $4 {[%mdl 12288]} (52... Kh7 $11 {oder Kg8=, was Dg7+ ermöglicht.}) 53.
f6+ $18 Kh7 (53... Kg8 54. Qd8+ Kh7 55. Qd5 $18) 54. Qd5 $1 Qd2+ (54... Kg8 55.
Qa8+ Kh7 56. Qe4+ Kg8 57. Qe8+ Kh7 58. Qxf7+ Kh8 59. Qg7#) 55. Qxd2 b1=Q 56.
Qf4 Kg8 57. Kh4 1-0

[Event "EU-chT (Men) 11th"]
[Site "Pula"]
[Date "1997.05.??"]
[Round "8.2"]
[White "Kozul, Zdenko"]
[Black "Huebner, Robert"]
[Result "1-0"]
[WhiteElo "2590"]
[BlackElo "2600"]
[Annotator "Hecht,H"]
[PlyCount "81"]
[EventDate "1997.05.05"]
[EventType "team-swiss"]
[EventRounds "9"]
[EventCountry "CRO"]
[SourceTitle "CBM 057 Extra"]
[Source "ChessBase"]
[SourceDate "1997.05.01"]
[SourceVersion "1"]
[SourceVersionDate "1997.05.01"]
[SourceQuality "1"]
[WhiteTeam "Croatia"]
[BlackTeam "Germany"]
[WhiteTeamCountry "CRO"]
[BlackTeamCountry "GER"]

1. d4 Nf6 2. c4 e6 3. Nf3 b6 4. Nc3 Bb7 5. a3 d5 6. cxd5 exd5 7. g3 Be7 8. Qa4+
c6 9. Bg2 O-O 10. O-O Nbd7 11. Bf4 Re8 12. Rad1 Nh5 13. Bc1 Bd6 14. e4 dxe4 15.
Ng5 Ndf6 16. Ngxe4 Nd5 17. Rfe1 Be7 18. Nxd5 cxd5 19. Nc3 h6 20. Re5 Nf6 21.
Qb3 Bf8 22. Nxd5 Nxd5 23. Bxd5 Bxd5 24. Qxd5 Qxd5 25. Rxd5 Rad8 26. Rxd8 Rxd8 {
Eindringen auf die 7.Reihe durch Ablenkungsopfer des weißen Mittelmehrbauern.
Taktik.} 27. Be3 f5 28. Kf1 Kf7 (28... Rc8 $142 $5) 29. Rc1 Ke6 (29... Rd7 30.
d5 $2 (30. Rc6 $1 $16 {[%cal Rf1e2,Re2d3]}) 30... Ke7 $1) 30. Rc7 Rd7 31. d5+
$1 Rxd5 32. Rxa7 b5 33. Ra6+ Kf7 34. Ke2 g5 35. Ra5 Ke6 36. h3 Re5 37. Kf3 Rd5
38. Ra6+ Bd6 39. h4 Rd3 (39... g4+ 40. Ke2 {[%csl Rh6][%cal Re3f4]} Re5 41. Kf1
$18) (39... gxh4 40. gxh4 $18 {[%csl Rh6][%cal Re3f4]}) 40. hxg5 h5 (40... hxg5
41. Ke2 Rb3 42. Bc5 Rxb2+ 43. Ke1 Rb1+ 44. Kd2 Rb2+ 45. Kc3 $18) 41. Ke2 1-0

[Event "Olympiad-34"]
[Site "Istanbul"]
[Date "2000.11.01"]
[Round "5.2"]
[White "Aung, Aung"]
[Black "Stohl, Igor"]
[Result "0-1"]
[WhiteElo "2495"]
[BlackElo "2578"]
[Annotator "Hecht,H"]
[PlyCount "120"]
[EventDate "2000.10.28"]
[EventType "team-swiss"]
[EventRounds "14"]
[EventCountry "TUR"]
[SourceTitle "EXT 2001"]
[Source "ChessBase"]
[SourceDate "2000.11.22"]
[SourceVersion "1"]
[SourceVersionDate "2000.11.22"]
[SourceQuality "1"]
[WhiteTeam "Myanmar"]
[BlackTeam "Slovakia"]
[WhiteTeamCountry "MYA"]
[BlackTeamCountry "SVK"]

1. d4 Nf6 2. c4 e6 3. Nf3 b6 4. Bg5 Bb7 5. e3 h6 6. Bh4 Be7 7. Nc3 Ne4 8. Bxe7
Qxe7 9. Qc2 Nxc3 10. Qxc3 O-O 11. Be2 c5 12. O-O d6 13. Nd2 Nd7 14. Bf3 Nf6 15.
Bxb7 Qxb7 16. Qb3 Rac8 17. Rac1 Rfd8 18. Rfd1 cxd4 19. exd4 Rd7 20. Qa3 a5 21.
Qe3 d5 22. b3 Qc7 23. h3 a4 24. Rb1 axb3 25. axb3 Qc6 26. Ra1 Rcd8 27. Ra6 dxc4
28. Nxc4 Nd5 29. Qg3 Qb7 30. Rda1 b5 31. Ra7 Qxa7 32. Rxa7 Rxa7 33. Ne5 Rc7 34.
Qf3 b4 35. g4 Nc3 36. Nc6 Ne2+ 37. Qxe2 Rxc6 38. Qb5 Rcd6 39. Qxb4 Rxd4 40. Qb5
{[#] Starke Türme, die systematisch die weißen Bauernschwächen anvisieren und
auffressen. Netter taktischer Abschluss!} Rc8 41. Kg2 Rdd8 42. Qb6 Rb8 43. Qc7
Rdc8 44. Qd7 Rf8 $1 45. Qd1 Rb4 46. h4 Rfb8 47. h5 Rxb3 48. Qd7 Rc3 49. Qd4 Rc2
50. Qd7 Rbb2 51. Qd8+ (51. Qe8+ Kh7 52. Qxf7 Rxf2+ 53. Qxf2 Rxf2+ 54. Kxf2 Kg8
55. Kf3 Kf7 56. Ke4 Kf6 $19) 51... Kh7 52. Qd3+ f5 53. gxf5 Rxf2+ 54. Kg3 exf5
55. Qd7 Rg2+ 56. Kh3 (56. Kf3 Rg5 $19) 56... Rg5 57. Qe8 Rb1 58. Kh2 Rb4 59.
Kh3 Rbg4 60. Qf7 {[#]} Rxh5+ $1 {[%mdl 4160]} (60... Rxh5+ 61. Qxh5 g6 {
sehr witzig!}) 0-1